| 000 | 00536nam a2200217Ia 4500 | ||
|---|---|---|---|
| 003 | OSt | ||
| 005 | 20220928142936.0 | ||
| 006 | a|||||r|||| 00| 0 | ||
| 007 | ta | ||
| 008 | 220927b |||||||| |||| 00| 0 eng d | ||
| 024 | _a20251 | ||
| 037 | _cTextual | ||
| 040 |
_aSDCL _cSDCL _beng |
||
| 041 |
_2eng _aeng |
||
| 082 | _aB6, P2 | ||
| 100 |
_aValette Alain _9503986 |
||
| 245 | 0 | _aIntroduction to the Baum-Connes conjecture. | |
| 260 | _c2002 | ||
| 942 |
_hB6, P2 _cTEXL _2CC |
||
| 999 |
_c822387 _d822387 |
||